[Event "Thursday Knighter XII: PREMIER"]
[Site "Minneapolis, MN"]
[Date "2018.12.20"]
[Round "3.2"]
[White "Newhall, Peter"]
[Black "Buyukdag, Yusuf"]
[Result "1-0"]
[WhiteElo "1067"]
[BlackElo "1102"]

1. d4 Nf6 2. Nf3 d5 3. e3 g6 4. b3 Bg7 5. Bb2 Bf5 6. Nbd2 c6 7. Nh4 e6 8. Nxf5
exf5 9. Bd3 O-O 10. O-O Re8 11. c4 Na6 12. Rc1 Nc7 13. b4 Qd6 14. b5 Ng4 15.
g3 Qe7 16. Qe2 Qg5 17. Nf3 Qh6 18. bxc6 dxc4 19. Bxc4 bxc6 20. Kg2 Nd5 21.
Bxd5 cxd5 22. h3 Nf6 23. Rc7 g5 24. Ne5 Rxe5 25. dxe5 Ne4 26. f3 Qb6 27. Rfc1
Rb8 28. Rc8+ Rxc8 29. Rxc8+ Bf8 30. fxe4 dxe4 31. Ba3 {#r} 1-0

[Event "Thursday Knighter XII: PREMIER"]
[Site "Minneapolis, MN"]
[Date "2018.12.20"]
[Round "3.3"]
[White "Mulligan, Toma"]
[Black "Marquina, Efrain"]
[Result "1-0"]
[WhiteElo "2008"]
[BlackElo "1645"]

1. d4 Nf6 2. Nf3 e6 3. e3 c5 4. Bd3 d5 5. b3 cxd4 6. exd4 Bb4+ 7. c3 Bd6 8.
Bb2 O-O 9. O-O Nc6 10. Re1 a6 11. Ne5 Ne7 12. Nd2 Bd7 13. Qe2 b5 14. Nxd7 Qxd7
15. a4 b4 16. c4 Ng6 17. g3 Qb7 18. c5 Be7 19. Nf3 Nd7 20. h4 Rfc8 21. h5 Ngf8
22. Rac1 Rc6 23. Rc2 Rac8 24. Ne5 Nxe5 25. Qxe5 Nd7 26. Qf4 Bf6 27. Qe3 e5 28.
dxe5 Be7 29. Qf3 Rxc5 30. e6 fxe6 31. Qg4 Bf6 32. Bxf6 Nxf6 33. Qxe6+ Qf7 34.
Qxc8+ Rxc8 35. Rxc8+ {#r} 1-0

[Event "Thursday Knighter XII: PREMIER"]
[Site "Minneapolis, MN"]
[Date "2018.12.20"]
[Round "3.4"]
[White "Shapiro, Dan"]
[Black "Myrin, Norman"]
[Result "1/2-1/2"]
[WhiteElo "1980"]
[BlackElo "1974"]

1. d4 d5 2. c4 e6 3. cxd5 exd5 4. Nc3 Nf6 5. Bg5 Nbd7 6. e3 c6 7. Qc2 Qa5 8.
Bd3 Bd6 9. Nf3 h6 10. Bh4 O-O 11. O-O Re8 12. a3 Qd8 13. b4 a6 14. Rfb1 Nf8
15. a4 Bd7 16. Bf5 Bxf5 17. Qxf5 Qd7 18. Qxd7 N6xd7 19. b5 g5 20. Bg3 Bxg3 21.
hxg3 axb5 22. axb5 Rxa1 23. Rxa1 f6 24. Rb1 Rb8 25. Kf1 Ne6 26. Ke2 Kg7 27.
bxc6 bxc6 28. Rxb8 Nxb8 29. Kd3 h5 30. Na2 c5 31. dxc5 Nxc5+ 32. Ke2 Kf7 33.
Nd4 Nbd7 34. Nc3 Nb6 35. Nf5 Ne6 36. Kd2 Nc5 37. Kc2 Nca4 38. Nb5 Nc4 39. f3
g4 40. fxg4 hxg4 41. Nh6+ Kg6 42. Nxg4 Kg5 43. Nf2 Nc5 44. Nc7 Nxe3+ 45. Kd2
d4 46. Nb5 Nxg2 47. Nxd4 f5 48. Nf3+ Kf6 49. Ke2 Ne4 50. Nxe4+ {#d} 1/2-1/2

[Event "Thursday Knighter XII: OPEN"]
[Site "Minneapolis, MN"]
[Date "2018.12.20"]
[Round "3.1"]
[White "Thiagarajan, Arvind"]
[Black "Landman, Kevin"]
[Result "1-0"]
[WhiteElo "1528"]
[BlackElo "1506"]

1. e4 c5 2. Nf3 e6 3. d4 cxd4 4. Nxd4 a6 5. Nc3 Qc7 6. g3 b5 7. Bg2 Bb7 8. O-O
Nf6 9. Qd3 d6 10. f4 Nbd7 11. Bd2 Nc5 12. Qe2 b4 13. Nd1 Ncxe4 14. Bxb4 Qb6
15. c3 a5 16. Qb5+ Qxb5 17. Nxb5 Kd7 18. Ba3 Ba6 19. c4 Rb8 20. Re1 Bxb5 21.
cxb5 d5 22. Bxf8 Rhxf8 23. a4 Rfc8 24. Ne3 Rc5 25. Rad1 Nd6 26. f5 Nfe4 27.
Bh3 Ke7 28. fxe6 fxe6 29. Rc1 Nc4 30. Nxc4 Ng5 31. Bg4 Rbc8 32. h4 Rxc4 33.
Rxc4 Rxc4 34. Be2 Rxa4 35. hxg5 Rb4 36. Rc1 Kd7 37. Rc6 Rxb2 38. Bd3 g6 39.
Ra6 e5 40. Rxa5 e4 41. Bf1 e3 42. Bd3 Rb3 43. Be2 d4 44. Ra1 d3 45. Rd1 d2 46.
Kg2 Rc3 47. Kf3 Kc7 48. Rh1 Kb6 49. Rxh7 Rc1 50. Rd7 Rc3 51. Rd6+ Kc7 52. Rxg6
Rc1 53. Kxe3 {#r} 1-0

[Event "Thursday Knighter XII: OPEN"]
[Site "Minneapolis, MN"]
[Date "2018.12.20"]
[Round "3.3"]
[White "Svenson, Michael"]
[Black "McGrath, Dennis"]
[Result "0-1"]
[WhiteElo "1528"]
[BlackElo "1645"]

1. d4 d5 2. c4 c6 3. Nf3 Nf6 4. e3 Bf5 5. Be2 e6 6. O-O Be7 7. Nc3 O-O 8. Nh4
Bg4 9. Nf3 Nbd7 10. b3 dxc4 11. bxc4 c5 12. d5 exd5 13. cxd5 Nb6 14. e4 Re8
15. Be3 Bd6 16. Nd2 Bxe2 17. Qxe2 Be5 18. Rac1 Bxc3 19. Rxc3 Nxe4 20. Nxe4
Rxe4 21. Rxc5 Re5 22. d6 Qxd6 23. Rd1 Qxc5 24. Qg4 Qe7 25. Kf1 Re8 26. Bd2
{#R} 0-1

[Event "Thursday Knighter XII: OPEN"]
[Site "Minneapolis, MN"]
[Date "2018.12.20"]
[Round "3.6"]
[White "Juntunen, Steven"]
[Black "Heinisch, Michael"]
[Result "0-1"]
[WhiteElo "2133"]
[BlackElo "1300"]

1. e4 e5 2. Nf3 Nc6 3. Bb5 Nd4 4. Nxd4 exd4 5. O-O Bc5 6. d3 c6 7. Bc4 d5 8.
exd5 cxd5 9. Re1+ Ne7 10. Bb3 h5 11. Re5 Bg4 12. Ba4+ Kf8 13. f3 Bd6 14. Re1
Bf5 15. Bg5 f6 16. Bh4 Qc7 17. h3 Bg3 18. Bxg3 Qxg3 19. Qe2 Ng6 20. Qf2 Qxf2+
21. Kxf2 Kf7 22. Bb3 Be6 23. Nd2 Ne7 24. Re2 Rad8 25. Rae1 Rd6 26. f4 Rhd8 27.
Nf3 Nc6 28. a3 a6 29. Nh2 Bd7 30. g4 hxg4 31. hxg4 Re8 32. f5 Rxe2+ 33. Rxe2
g6 34. fxg6+ Kxg6 35. Kg3 Ne5 36. Rg2 Be6 37. Kh4 Rb6 38. g5 f5 39. Rd2 f4 40.
Ba4 Bf7 41. b3 Rd6 42. b4 Rd8 43. Re2 Rh8# 0-1

[Event "Thursday Knighter XII: PREMIER"]
[Site "Minneapolis, MN"]
[Date "2018.12.27"]
[Round "4.1"]
[White "Buyukdag, Yusuf"]
[Black "Hoover, Nathan"]
[Result "0-1"]
[WhiteElo "1102"]
[BlackElo "1979"]

1. d4 Nf6 2. c4 e6 3. Nc3 Bb4 4. Qc2 c5 5. dxc5 Na6 6. e3 Nxc5 7. Nge2 d5 8.
cxd5 Qxd5 9. Nf4 Qe4 10. Bb5+ Ke7 11. Qe2 g5 12. f3 Qe5 13. Nd3 Nxd3+ 14. Qxd3
a6 15. Ba4 b5 16. Bb3 Rd8 17. Qc2 Bb7 18. Kf2 Rac8 19. Bd2 Bc5 20. Rae1 g4 21.
h3 gxf3 22. gxf3 Qh5 23. Ref1 Qxf3+ 24. Ke1 Qg3+ 25. Kd1 Bxh1 26. Ne2 Qxh3 27.
Rxf6 Kxf6 28. Qc3+ Ke7 29. Kc2 Be4+ {#R} 0-1

[Event "Thursday Knighter XII: PREMIER"]
[Site "Minneapolis, MN"]
[Date "2018.12.27"]
[Round "4.2"]
[White "Krusack, Matthew"]
[Black "Newhall, Peter"]
[Result "1-0"]
[WhiteElo "1924"]
[BlackElo "1067"]

1. Nf3 f5 2. g3 Nf6 3. Bg2 e6 4. c4 Be7 5. O-O O-O 6. b3 d6 7. d4 Ne4 8. Bb2
Bf6 9. Qc2 Nc6 10. a3 e5 11. dxe5 dxe5 12. e3 Qe8 13. Nc3 Nxc3 14. Bxc3 Qh5
15. Rad1 f4 16. Nd2 Bf5 17. Qb2 Bg4 18. f3 fxg3 19. hxg3 Bh3 20. Ne4 Bxg2 21.
Kxg2 Rad8 22. Qb1 Bg5 23. Rxd8 Bxd8 24. Qd1 Ne7 25. Rh1 Qf5 26. g4 Qg6 27.
Bxe5 Nf5 28. Bf4 Kh8 29. Rh5 Be7 30. Qd7 Bxa3 31. Rxf5 {#r} 1-0

[Event "Thursday Knighter XII: PREMIER"]
[Site "Minneapolis, MN"]
[Date "2018.12.27"]
[Round "4.3"]
[White "Myrin, Norman"]
[Black "Deutsch, Daniel"]
[Result "0-1"]
[WhiteElo "1974"]
[BlackElo "1729"]

1. d4 Nf6 2. e3 d5 3. Bd3 c5 4. c3 e6 5. Nd2 Nc6 6. f4 c4 7. Bc2 b5 8. a3 a5
9. Ngf3 Bb7 10. e4 Be7 11. O-O b4 12. axb4 axb4 13. Rxa8 Qxa8 14. e5 Nd7 15.
f5 O-O 16. Rf2 Qa1 17. fxe6 fxe6 18. cxb4 Nxb4 19. Nb1 Bc6 20. Nc3 Nxc2 21.
Qxc2 Qa7 22. Ng5 Bxg5 23. Bxg5 Qxd4 24. Kf1 Rxf2+ 25. Qxf2 Qxf2+ 26. Kxf2 Nxe5
27. Nd1 h6 28. Be3 Ba4 29. Ke2 Bxd1+ 30. Kxd1 Nd3 31. Bc1 Nxc1 32. Kxc1 Kf7
33. Kc2 Kf6 34. b4 cxb3+ 35. Kxb3 Ke5 36. Kc3 Ke4 37. Kd2 d4 38. Ke2 d3+ 39.
Kf2 Kd4 40. g4 Kc3 {#R} 0-1

[Event "Thursday Knighter XII: OPEN"]
[Site "Minneapolis, MN"]
[Date "2018.12.27"]
[Round "4.2"]
[White "Steinke, Daniel"]
[Black "Landman, Kevin"]
[Result "1-0"]
[WhiteElo "2025"]
[BlackElo "1506"]

1. e4 c5 2. Nf3 e6 3. d4 cxd4 4. Nxd4 a6 5. Be3 Nf6 6. Bd3 Qc7 7. Nf3 d6 8. h3
b5 9. O-O Bb7 10. Nbd2 Nbd7 11. Rc1 Nc5 12. Bxc5 Qxc5 13. c4 Qb6 14. cxb5 axb5
15. Qb3 Ba6 16. e5 Nd7 17. exd6 Bxd6 18. Ne4 Bf4 19. Rcd1 O-O 20. Qb4 Ra7 21.
Nc3 Qb8 22. Nxb5 Rb7 23. a4 Rd8 24. b3 Nf6 25. Qa5 Bxb5 26. Bxb5 Nd5 27. Bc4
Bc7 28. Qe1 Nb6 29. Rxd8+ Qxd8 30. Qe2 Nd5 31. Rd1 Qb8 32. Bxd5 exd5 33. Nd4
Qd8 34. Nb5 g6 35. Nxc7 Rxc7 36. b4 Rb7 37. b5 Ra7 38. Qc2 Qa8 39. Ra1 Re7 40.
a5 Qb8 41. b6 Re6 42. Qc7 Qxc7 43. bxc7 Rc6 44. a6 Rxc7 45. a7 {#r} 1-0

[Event "Thursday Knighter I: PREMIER"]
[Site "Minneapolis, MN"]
[Date "2019.01.03"]
[Round "1.1"]
[White "Newhall, Peter"]
[Black "Britt, Thomas"]
[Result "0-1"]
[WhiteElo "1067"]
[BlackElo "1460"]

1. d4 Nf6 2. Nf3 g6 3. Nc3 d5 4. Bf4 Nh5 5. Be5 f6 6. Bg3 Nxg3 7. hxg3 Bg7 8.
e3 Be6 9. Be2 c6 10. Qd2 Qa5 11. O-O-O Nd7 12. Rh2 O-O-O 13. Rdh1 Nf8 14. Ne1
Kb8 15. Nd3 Bc8 16. f4 e5 17. g4 Re8 18. fxe5 fxe5 19. Nxe5 Bxe5 20. dxe5 Rxe5
21. Qd4 Qc7 22. Bf3 Ne6 23. Qd2 Ng5 24. Qd4 Rhe8 25. Qf4 R8e7 26. Re1 Rxe3 27.
Qxc7+ Kxc7 28. Rxe3 Rxe3 29. Kd2 Rxf3 {#R} 0-1

[Event "Thursday Knighter I: PREMIER"]
[Site "Minneapolis, MN"]
[Date "2019.01.03"]
[Round "1.2"]
[White "Zelkind, Eduard"]
[Black "Boardman, Larry"]
[Result "1-0"]
[WhiteElo "2200"]
[BlackElo "1983"]

1. Nf3 c5 2. c4 Nf6 3. Nc3 e6 4. e4 d6 5. g3 b6 6. d4 cxd4 7. Nxd4 Bb7 8. Bg2
a6 9. O-O Qc7 10. Bg5 Be7 11. Rc1 O-O 12. Qe2 Nbd7 13. Rfd1 Rfe8 14. b3 Rac8
15. Be3 Qb8 16. Rc2 Ne5 17. h3 Nc6 18. Na4 Nb4 19. Nxb6 Nxc2 20. Nxc8 Rxc8 21.
Qxc2 Qa8 22. f3 d5 23. exd5 exd5 24. Nf5 Bf8 25. c5 g6 26. Nh6+ Kg7 27. Qc3
Be7 28. g4 Kf8 29. g5 {#r} 1-0

[Event "Thursday Knighter I: PREMIER"]
[Site "Minneapolis, MN"]
[Date "2019.01.03"]
[Round "1.3"]
[White "Wasserman, Eddie"]
[Black "Hoover, Nathan"]
[Result "0-1"]
[WhiteElo "1928"]
[BlackElo "1979"]

1. e4 c6 2. d4 d5 3. e5 Bf5 4. h4 h5 5. Bd3 Bxd3 6. Qxd3 e6 7. Bg5 Qc7 8. Nd2
Nd7 9. c4 dxc4 10. Nxc4 Nb6 11. Nf3 Nxc4 12. Qxc4 Ne7 13. Bxe7 Bxe7 14. b4 O-O
15. Rg1 Qb6 16. a3 a5 17. g4 axb4 18. gxh5 Kh8 19. h6 g6 20. h5 bxa3 21. hxg6
fxg6 22. Qxe6 Qb2 23. Qxe7 Qxa1+ 24. Ke2 Qa2+ 25. Ke3 Qb3+ 26. Kd2 Rf7 {#R}
0-1

[Event "Thursday Knighter I: PREMIER"]
[Site "Minneapolis, MN"]
[Date "2019.01.03"]
[Round "1.4"]
[White "Hunt, Ethan"]
[Black "Mulligan, Toma"]
[Result "1-0"]
[WhiteElo "1912"]
[BlackElo "2008"]

1. Nf3 c5 2. c4 Nc6 3. d4 cxd4 4. Nxd4 Nf6 5. Nc3 g6 6. g3 Bg7 7. Bg2 Nxd4 8.
Qxd4 O-O 9. O-O d6 10. Qd3 a6 11. Rd1 Qc7 12. Bd2 Bd7 13. Rac1 Bc6 14. Nd5 Qd8
15. Bc3 Nxd5 16. cxd5 Bb5 17. Qd2 Rc8 18. Bxg7 Kxg7 19. Rxc8 Qxc8 20. Rc1 Qd7
21. Qc3+ Kg8 22. e4 Rb8 23. b3 Qd8 24. a4 Be8 25. Qc7 Qxc7 26. Rxc7 Kf8 27.
Bh3 a5 28. Bf1 f6 29. Bb5 Bxb5 30. axb5 b6 31. h4 h5 32. Kg2 Ke8 33. f3 Kd8
34. Rc6 Kd7 35. g4 Ke8 36. Kg3 Kf7 37. gxh5 gxh5 38. Kf4 Ke8 39. Kf5 Kf7 40.
f4 Rb7 41. e5 fxe5 42. fxe5 {#r} 1-0

[Event "Thursday Knighter I: PREMIER"]
[Site "Minneapolis, MN"]
[Date "2019.01.03"]
[Round "1.5"]
[White "Buyukdag, Yusuf"]
[Black "Zagar, Dane"]
[Result "0-1"]
[WhiteElo "1102"]
[BlackElo "1972"]

1. d4 Nf6 2. c4 e6 3. Nc3 d5 4. cxd5 exd5 5. Bg5 c6 6. e3 Bf5 7. Bd3 Bxd3 8.
Qxd3 Nbd7 9. Nge2 h6 10. Bh4 g5 11. Bg3 Nh5 12. h3 Qe7 13. Bh2 Bg7 14. Rc1 O-O
15. g4 Nhf6 16. Ng3 Rfe8 17. Nf5 Qb4 18. Nxg7 Kxg7 19. O-O Re6 20. Qc2 Rae8
21. a3 Qf8 22. Qf5 Ng8 23. Ne2 Ne7 24. Qf3 f5 25. Ng3 fxg4 26. Nh5+ Kh7 27.
Qxf8 Rxf8 28. hxg4 Re4 29. f4 Rxe3 30. Rce1 gxf4 31. Bxf4 Rxe1 32. Rxe1 Ng6
33. Bd6 Rf7 34. Re6 Nh4 35. Bf4 Ng6 36. Be3 Re7 37. Rxe7+ Nxe7 38. Kf2 Ng8 39.
Kf3 Ngf6 40. Nxf6+ Nxf6 41. g5 hxg5 42. Bxg5 Ne4 43. Bf4 Kg6 44. Ke3 Kf5 45.
Bb8 a6 46. Ba7 Nd6 47. b3 Kg4 48. a4 Nf5+ 49. Kd3 Kf3 50. b4 Nd6 51. Bc5 Ne4
52. Bb6 Nf2+ 53. Kc2 Ke4 54. Kc3 Nd3 55. Bd8 Nf4 56. b5 axb5 57. axb5 cxb5 58.
Bf6 Ne2+ 59. Kb4 Nxd4 60. Bh8 b6 61. Bf6 Kd3 62. Bh8 Ke3 63. Bf6 Ke4 64. Bh8
Nc6+ 65. Kxb5 Ne5 66. Bg7 d4 67. Bh6 d3 68. Bc1 Nd7 69. Kc6 Kd4 70. Kb5 Kc3
{#R} 0-1

[Event "Thursday Knighter I: PREMIER"]
[Site "Minneapolis, MN"]
[Date "2019.01.03"]
[Round "1.6"]
[White "Louie, Terry"]
[Black "Myrin, Norman"]
[Result "0-1"]
[WhiteElo "1506"]
[BlackElo "1974"]

1. d4 d5 2. c4 e6 3. Nf3 c6 4. Nc3 Nf6 5. Bg5 Nbd7 6. e3 Qa5 7. Qb3 Ne4 8.
cxd5 exd5 9. Bd3 Bb4 10. Rc1 h6 11. Bf4 Ndf6 12. Rc2 Be7 13. O-O Nxc3 14. bxc3
Qb6 15. Rb1 Qxb3 16. Rxb3 Nd7 17. a4 O-O 18. Kf1 c5 19. Bf5 b6 20. Ke1 Nf6 21.
Bxc8 Rfxc8 22. a5 cxd4 23. Nxd4 Bc5 24. Ra2 Ne4 25. Ne2 Rc6 26. f3 Nd6 27. Nd4
Bxd4 28. axb6 Bxb6 29. Ke2 Rac8 30. Bxd6 Rxd6 31. Kd3 Rdc6 32. f4 Re6 33. Ra4
Rxe3+ 34. Kd2 Rce8 35. Rb5 Re2+ 36. Kc1 Rxg2 37. Rxd5 Re1+ 38. Rd1 Be3+ 39.
Kb1 Rxd1# 0-1

[Event "Thursday Knighter I: OPEN"]
[Site "Minneapolis, MN"]
[Date "2019.01.03"]
[Round "1.1"]
[White "Wijetunge, Ivan"]
[Black "Landman, Kevin"]
[Result "1-0"]
[WhiteElo "2055"]
[BlackElo "1506"]

1. d4 Nf6 2. Bf4 g6 3. Nc3 Bg7 4. e4 d6 5. Qd2 c6 6. O-O-O Nbd7 7. Nf3 b5 8.
e5 dxe5 9. dxe5 b4 10. exf6 bxc3 11. Qxc3 Bxf6 12. Qxc6 Qb6 13. Bb5 O-O 14.
Qxb6 Nxb6 15. Bc6 Bf5 16. Bxa8 Rc8 17. c3 Rxa8 18. Nd4 Bg4 19. f3 Bd7 20. Bh6
Rb8 21. h4 Nc4 22. b3 Nd6 23. Bg5 Bxg5+ 24. hxg5 Rc8 25. Kb2 Rc5 26. f4 Ne4
27. Rc1 Nf2 28. Kc2 Nxh1 29. Rxh1 e5 30. fxe5 Rxe5 31. Kd2 Rxg5 32. Rh2 Rg3
33. Ne2 Rg4 34. g3 Kg7 35. c4 a5 36. Kc3 Be6 37. Rg2 h5 38. Rh2 Re4 39. Kd2
Rg4 40. Ke3 Kf6 41. Rh1 Ke5 42. Kf2 Re4 43. Nc3 Rd4 44. Re1+ Kf5 45. Ke3 Rg4
46. Rf1+ Ke5 47. Ne2 g5 48. Rh1 h4 49. gxh4 Rxh4 50. Rg1 Rh3+ 51. Kf2 g4 52.
Re1 Rf3+ 53. Kg2 Kf6 54. Ng3 Kg5 55. Ne4+ Kf4 56. Nf2 Bf5 57. Rd1 Rg3+ 58. Kf1
Kf3 59. Rc1 f6 60. c5 Bc8 61. Rc3+ Kf4 62. Rxg3 Kxg3 63. Ne4+ Kf3 64. Nxf6 g3
65. a3 g2+ 66. Kg1 Bb7 67. b4 axb4 68. axb4 Bc6 69. Ng8 Kf4 70. Ne7 Bb5 71. c6
Bxc6 72. Nxc6 Ke4 73. b5 Kd5 74. Nd4 {#r} 1-0

[Event "Thursday Knighter I: OPEN"]
[Site "Minneapolis, MN"]
[Date "2019.01.03"]
[Round "1.2"]
[White "Juntunen, Steven"]
[Black "Lothrop, Jack"]
[Result "0-1"]
[WhiteElo "2133"]
[BlackElo "1506"]

1. e4 c5 2. Nf3 e6 3. Nc3 a6 4. d4 cxd4 5. Nxd4 Qc7 6. Qg4 Nf6 7. Qg3 d6 8.
Be2 b5 9. Bf3 Bb7 10. a3 Qc4 11. Be3 Nbd7 12. Be2 Qc7 13. Bd3 g6 14. h4 Bg7
15. h5 Nc5 16. hxg6 hxg6 17. Rxh8+ Bxh8 18. Qh4 O-O-O 19. Bg5 Ncd7 20. f4 Bg7
21. Ke2 Rh8 22. Qf2 Ng4 23. Qg3 Bxd4 24. Nxb5 axb5 25. Qxg4 f5 26. exf5 exf5
27. Qg3 Re8+ 28. Kd1 Qc5 29. b4 Qc3 30. Ra2 Bd5 {#R} 0-1

[Event "Thursday Knighter I: PREMIER"]
[Site "Minneapolis, MN"]
[Date "2019.01.10"]
[Round "2.1"]
[White "Britt, Thomas"]
[Black "Hunt, Ethan"]
[Result "1/2-1/2"]
[WhiteElo "1460"]
[BlackElo "1912"]

1. d4 d5 2. c4 c6 3. Nf3 Nf6 4. e3 e6 5. Bd3 Nbd7 6. O-O Bd6 7. Nbd2 O-O 8. b3
e5 9. cxd5 cxd5 10. dxe5 Nxe5 11. Be2 Re8 12. Bb2 Nc6 13. Nd4 Bd7 14. N2f3 Rc8
15. Nb5 Bb8 16. Rc1 Be6 17. Nbd4 Nxd4 18. Qxd4 Qd6 19. Rfd1 Bf5 20. g3 h6 21.
Nh4 Bc2 22. Re1 Bh7 23. Bf3 Rcd8 24. Bg2 a6 25. Red1 Be4 26. Bh3 Bc7 27. Nf5
Bxf5 28. Bxf5 Qe5 29. Qxe5 Bxe5 30. Bd4 Bxd4 31. Rxd4 g6 32. Bh3 Re7 33. Kf1
Kf8 34. Bg2 Red7 35. Bh3 Re7 36. Ke2 Rd6 37. Bg2 Red7 38. Rc8+ Rd8 39. Rc5 b6
40. Rc7 Ne8 41. Ra7 a5 42. Rf4 R8d7 43. Ra8 Rd8 44. Rxd8 Rxd8 45. Rd4 Nf6 46.
e4 Re8 47. f4 Nxe4 48. Kd3 {#d} 1/2-1/2

[Event "Thursday Knighter I: PREMIER"]
[Site "Minneapolis, MN"]
[Date "2019.01.10"]
[Round "2.2"]
[White "Hoover, Nathan"]
[Black "Zelkind, Eduard"]
[Result "1-0"]
[WhiteElo "1979"]
[BlackElo "2200"]

1. d4 d5 2. c4 c6 3. Nf3 Nf6 4. Nc3 dxc4 5. a4 Bf5 6. Ne5 e6 7. f3 Bb4 8. e4
Nxe4 9. fxe4 Qh4+ 10. Ke2 Bxc3 11. bxc3 Qxe4+ 12. Kf2 O-O 13. Bxc4 Rd8 14. Re1
Qh4+ 15. Kg1 c5 16. g3 Qe7 17. Ba3 Qc7 18. Bxc5 Nc6 19. Nxc6 Qxc6 20. Bb5 Qc7
21. a5 b6 22. axb6 axb6 23. Rxa8 Rxa8 24. Qf3 Qc8 25. Bb4 h6 26. Bd7 Qa6 27.
d5 {#r} 1-0

[Event "Thursday Knighter I: PREMIER"]
[Site "Minneapolis, MN"]
[Date "2019.01.10"]
[Round "2.3"]
[White "Zagar, Dane"]
[Black "Louie, Terry"]
[Result "1-0"]
[WhiteElo "1972"]
[BlackElo "1506"]

1. d4 Nf6 2. c4 g6 3. Nc3 Bg7 4. e4 d6 5. Nf3 O-O 6. Be2 c5 7. O-O cxd4 8.
Nxd4 Nc6 9. Be3 Bd7 10. Rc1 Qa5 11. a3 Rfc8 12. Ndb5 a6 13. b4 Qd8 14. Nd4 Ne8
15. Nd5 e6 16. Nb6 Qxb6 17. Nxe6 Qxe3 18. fxe3 {#r} 1-0

[Event "Thursday Knighter I: PREMIER"]
[Site "Minneapolis, MN"]
[Date "2019.01.10"]
[Round "2.4"]
[White "Wasserman, Eddie"]
[Black "Newhall, Peter"]
[Result "1/2-1/2"]
[WhiteElo "1928"]
[BlackElo "1067"]

1. e4 c5 2. Nc3 Nc6 3. Bb5 Nd4 4. Bc4 g6 5. Nf3 Bg7 6. d3 e6 7. O-O Ne7 8.
Nxd4 cxd4 9. Nb5 O-O 10. Bf4 a6 11. Nd6 Nc6 12. Bg3 Qe7 13. a3 Ne5 14. Nxc8
Rfxc8 15. Bb3 b5 16. f4 Nc6 17. Rf2 a5 18. Qe2 a4 19. Ba2 b4 20. axb4 Qxb4 21.
Rb1 Qc5 22. f5 Be5 23. Bxe5 Qxe5 24. fxg6 hxg6 25. Rbf1 Rf8 26. Rf6 Qc5 27. h4
Rab8 28. Qg4 Kg7 29. Qf4 Ne5 30. b3 a3 31. h5 d6 32. b4 Qc8 33. hxg6 fxg6 34.
Bxe6 Qd8 35. Rxf8 Qxf8 36. Qg5 Qd8 37. Qxd8 Rxd8 38. Ra1 Rb8 39. Rxa3 Rxb4 40.
Kf1 Rb1+ 41. Ke2 Rg1 42. Kf2 Rc1 43. Ra2 Kf6 44. Bh3 g5 45. Bf5 Nc6 46. Rb2
Ne7 47. g4 Ke5 48. Kg3 d5 49. Rb7 Nxf5+ 50. exf5 Rg1+ 51. Kf3 Rf1+ 52. Kg2 Rc1
53. Rc7 Kd6 54. Rc8 Kd7 55. Rc5 Kd6 56. Rc8 Kd7 {#d} 1/2-1/2

[Event "Thursday Knighter I: PREMIER"]
[Site "Minneapolis, MN"]
[Date "2019.01.10"]
[Round "2.5"]
[White "Boardman, Larry"]
[Black "Buyukdag, Yusuf"]
[Result "0-1"]
[WhiteElo "1983"]
[BlackElo "1102"]

1. e4 c5 2. Nf3 Nc6 3. d4 cxd4 4. Nxd4 g6 5. c4 Bg7 6. Nc2 Nf6 7. Nc3 d6 8.
Be2 O-O 9. O-O Ne5 10. Ne3 b6 11. f3 Bb7 12. Ned5 Rc8 13. Qb3 Ned7 14. Be3 Nc5
15. Qc2 Nfd7 16. Rac1 e6 17. Nb4 Ne5 18. b3 Qe7 19. Nd3 Ncxd3 20. Bxd3 d5 21.
Qe2 Nxd3 22. Qxd3 d4 23. Bxd4 Rfd8 24. Nd5 Bxd4+ 25. Qxd4 exd5 26. cxd5 Qa3
27. Qd2 Rxc1 28. Rxc1 Rc8 29. Rd1 Qc5+ 30. Kh1 Ba6 31. h3 Qc2 32. Kg1 Qxd2 33.
Rxd2 Kf8 34. Kf2 Ke7 35. Ke3 Kd6 36. Kd4 f6 37. f4 Kd7 38. e5 Bb7 39. g4 Rc5
40. d6 Ke6 41. f5+ gxf5 42. gxf5+ Kd7 43. e6+ Kxd6 44. Re2 Ke7 45. Rf2 Rd5+
46. Kc4 Re5 47. Kd3 Be4+ {#R} 0-1

[Event "Thursday Knighter I: OPEN"]
[Site "Minneapolis, MN"]
[Date "2019.01.10"]
[Round "2.3"]
[White "Baker, John"]
[Black "McGrath, Dennis"]
[Result "1-0"]
[WhiteElo "1819"]
[BlackElo "1645"]

1. e4 e6 2. d4 d5 3. exd5 exd5 4. c4 Bd6 5. Nc3 Nf6 6. Nf3 Bg4 7. cxd5 O-O 8.
Bc4 Re8+ 9. Be3 Nbd7 10. O-O Nb6 11. Bb3 Be7 12. h3 Bh5 13. g4 Bg6 14. Ne5
Nbxd5 15. Bg5 Nxc3 16. bxc3 Nd5 17. Bxe7 Rxe7 18. Qf3 c6 19. Rae1 Kf8 20. Re2
f6 21. Rfe1 Qd6 22. c4 Bf7 23. Nxf7 Rxf7 24. cxd5 cxd5 25. Bxd5 Rd7 26. Bxb7
Rad8 27. Bc6 Rc7 28. d5 Rb8 29. Re8+ Rxe8 30. Rxe8+ Kf7 31. Qe4 Qa3 32. Rh8
Re7 33. Be8+ {#r} 1-0

[Event "Thursday Knighter I: OPEN"]
[Site "Minneapolis, MN"]
[Date "2019.01.10"]
[Round "2.9"]
[White "Landman, Kevin"]
[Black "Hale, Roger"]
[Result "1-0"]
[WhiteElo "1506"]
[BlackElo "1979"]

1. d4 d5 2. c4 e6 3. Nc3 Nf6 4. Bg5 Bd7 5. cxd5 exd5 6. Bxf6 Qxf6 7. Nxd5 Qc6
8. Nc3 Bb4 9. Rc1 O-O 10. Nf3 Re8 11. e3 Bg4 12. Be2 Nd7 13. O-O Bxc3 14. Rxc3
Qd6 15. Qb3 Rab8 16. Rfc1 c6 17. Qc2 Rbc8 18. b4 a6 19. a4 Nb6 20. b5 axb5 21.
axb5 cxb5 22. Bxb5 Bd7 23. Bxd7 Qxd7 24. Ne5 Qe6 25. Qb1 Rxc3 26. Rxc3 Rc8 27.
Rxc8+ Qxc8 28. h3 Qc7 29. Qb5 Qd8 30. Nd3 g6 31. Nc5 Qc7 32. Qe8+ Kg7 33. Qe4
Qc6 34. Qe7 Nd5 35. Qxb7 Qxb7 36. Nxb7 Nf6 37. f3 Nd5 38. Kf2 Kf6 39. e4 Nf4
40. Nd6 Ke6 41. Nc4 Nd3+ 42. Ke3 Nb4 43. d5+ Nxd5+ 44. exd5+ Kxd5 45. Nd2 f5
46. Kf4 Ke6 47. Nc4 Kf6 48. Nd6 g5+ 49. Kg3 h5 50. f4 g4 51. Kh4 gxh3 52. Kxh3
Ke6 53. Ne8 Kf7 54. Kh4 Kg6 55. g3 Kf7 56. Kxh5 Kxe8 57. Kg6 Ke7 58. Kxf5 Kf7
59. g4 Kg7 60. Ke6 Kf8 61. Kf6 Kg8 62. Ke7 Kg7 63. f5 Kg8 64. f6 Kh7 65. f7
Kh8 66. f8=Q+ Kh7 67. Qf6 Kg8 68. Qg5+ Kh7 69. Kf7 {#r} 1-0

[Event "Thursday Knighter I: OPEN"]
[Site "Minneapolis, MN"]
[Date "2019.01.10"]
[Round "2.10"]
[White "Khann, Riaz"]
[Black "Juntunen, Steven"]
[Result "1-0"]
[WhiteElo "1506"]
[BlackElo "2133"]

1. e4 e5 2. Nf3 Nc6 3. Bc4 Nf6 4. d3 Bc5 5. O-O O-O 6. a3 d5 7. exd5 Nxd5 8.
Qe1 Nf6 9. Bg5 h6 10. Bh4 Qd6 11. Nc3 Re8 12. Nb5 Qd7 13. Bxf6 gxf6 14. Qe4 a6
15. Nc3 Nd4 16. Nd5 Qd6 17. Nxd4 Bxd4 18. c3 f5 19. Qh4 e4 20. cxd4 Re6 21.
Nf4 Re7 22. Qg3+ Kh7 23. Qh4 b5 24. Ba2 Bb7 25. d5 Rg8 26. h3 exd3 27. Nxd3
Re4 28. Qh5 Qf6 29. Qf3 Bc8 30. Rac1 Qd6 31. Nb4 Rf4 32. Qh5 Rg7 33. Rc6 Rg5
34. Qxf7+ Rg7 35. Qe8 Qd7 36. Qh5 Rg5 37. Qxh6+ {#r} 1-0

[Event "Thursday Knighter I: PREMIER"]
[Site "Minneapolis, MN"]
[Date "2019.01.17"]
[Round "3.1"]
[White "Zagar, Dane"]
[Black "Hoover, Nathan"]
[Result "0-1"]
[WhiteElo "1972"]
[BlackElo "1979"]

1. d4 d5 2. c4 c6 3. cxd5 cxd5 4. Bf4 Nc6 5. Nf3 Nf6 6. Nc3 e6 7. e3 Be7 8.
Bd3 O-O 9. Ne5 Qb6 10. a3 Nxe5 11. dxe5 Nd7 12. Qc2 h6 13. g4 Nc5 14. Bh7+ Kh8
15. b4 Nd7 16. h4 a5 17. g5 axb4 18. gxh6 g6 19. Bxg6 bxc3 20. Bxf7 Rxf7 21.
Qg6 Rh7 22. Rg1 Qd8 23. Rg4 Nc5 24. Ke2 Bd7 25. Rag1 Ne4 26. Qh5 c2 27. Rg7
Qe8 28. Qg4 Qf8 29. Qg6 Bb5+ 30. Kf3 Nd2+ 31. Kg3 Rxg7 {#R} 0-1